| 000 | 00995nam a2200253 i 4500 | ||
|---|---|---|---|
| 003 | EG-ScBUE | ||
| 005 | 20231115131722.0 | ||
| 008 | 100623s1968 ua o f b 000 0 ara d | ||
| 017 | _a8 / 4077 | ||
| 020 | _a9772018861 | ||
| 040 |
_aEG-ScBUE _bara _erda _cEG-ScBUE _dEG-ScBUE |
||
| 082 | 0 | 4 |
_222 _a916.1 _bج و هـ |
| 100 | 1 |
_915126 _aجوهري، يسري، _eمؤلف. |
|
| 245 | 1 | 0 |
_aشمال أفريقية / _cتأليف يسري الجوهري، عميد كلية الآداب، جامعة المنيا. |
| 264 | 1 |
_aالإسكندرية، مصر : _bالهيئة المصرية العامة للكتاب، _c[1968?] |
|
| 300 |
_a579 صفحة : _bصور ؛ _c23 سم |
||
| 336 |
_2rdacontent _aنص _btxt |
||
| 337 |
_aبدون وسيط _2rdamedia _bn |
||
| 338 |
_aمجلد _bnc _2rdacarrier |
||
| 504 | _aيشتمل على إرجاعات ببليوجرافية. | ||
| 651 | 7 |
_915125 _aإفريقيا الشمالية _xجغرافيا. _2BUEsh |
|
| 655 | _vReading book | ||
| 942 |
_2ddc _cBB |
||
| 999 |
_c14186 _d14186 |
||